书目信息 |
| 题名: |
服务设计
|
|
| 作者: | 罗仕鉴 , 朱上上 著 | |
| 分册: | ||
| 出版信息: | 北京 机械工业出版社 2011.06 |
|
| 页数: | 240页 | |
| 开本: | 26cm | |
| 丛书名: | ||
| 单 册: | ||
| 中图分类: | TB47 | |
| 科图分类: | ||
| 主题词: | 工业设计--gong ye she ji | |
| 电子资源: | ||
| ISBN: | 978-7-111-34736-1 | |
| 000 | 00996nam0 2200265 450 | |
| 001 | 1146454195 | |
| 005 | 20111110135250.62 | |
| 010 | @a978-7-111-34736-1@dCNY42.00@z7-111-34736-6 | |
| 100 | @a20110630d2011 em y0chiy50 ea | |
| 101 | 0 | @achi |
| 102 | @aCN@b110000 | |
| 105 | @aak a 000yy | |
| 200 | 1 | @a服务设计@Afu wu she ji@f罗仕鉴, 朱上上著 |
| 210 | @a北京@c机械工业出版社@d2011.06 | |
| 215 | @a240页@c图@d26cm | |
| 312 | @a英文题名取自封面 | |
| 320 | @a有书目 (第239-240页) | |
| 330 | @a本书从工业设计出发, 系统地介绍了近年来国内外服务设计的最新发展。分3部分共9章, 第一部分为概述, 介绍了服务设计的定义、发展, 服务设计的要素, 相关学科知识等。第二部分为设计实践, 介绍了产品服务系统设计、网络系统服务设计等。第三部分为发展趋势, 介绍了服务设计的未来发展。 | |
| 510 | 1 | @aService design@zeng |
| 606 | 0 | @a工业设计@Agong ye she ji |
| 690 | @aTB47@v4 | |
| 701 | 0 | @a罗仕鉴@Aluo shi jian@4著 |
| 701 | 0 | @a朱上上@Azhu shang shang@4著 |
| 801 | 0 | @aCN@c20110630 |
| 905 | @dTB47@eL952 | |
| 服务设计/罗仕鉴, 朱上上著.-北京:机械工业出版社,2011.06 |
| 240页:图;26cm |
| ISBN 978-7-111-34736-1:CNY42.00 |
| 本书从工业设计出发, 系统地介绍了近年来国内外服务设计的最新发展。分3部分共9章, 第一部分为概述, 介绍了服务设计的定义、发展, 服务设计的要素, 相关学科知识等。第二部分为设计实践, 介绍了产品服务系统设计、网络系统服务设计等。第三部分为发展趋势, 介绍了服务设计的未来发展。 |
| ● |
| 相关链接 |
|
|
|
正题名:服务设计
索取号:TB47/L952
 
预约/预借
| 序号 | 登录号 | 条形码 | 馆藏地/架位号 | 状态 | 备注 |
| 1 | 1220142 | 212201428 | 自科库501/501自科库 15排3列4层/ [索取号:TB47/L952] | 在馆 | |
| 2 | 1220143 | 212201437 | 自科库501/501自科库 15排3列4层/ [索取号:TB47/L952] | 在馆 | |
| 3 | 1220144 | 212201446 | 自科库501/501自科库 15排3列4层/ [索取号:TB47/L952] | 在馆 |